Sociální zabezpečení ... : státní sociální podpora, sociální péče, sociální služby, pomoc v hmotné nouzi, životní a existenční minimum, působnost jednotlivých orgánů : podle stavu k ...
Saved in:
| Corporate Author | |
|---|---|
| Language | Czech |
| Published |
Ostrava :
Sagit,
[1993?]-
|
| Series | ÚZ
|
| Subjects | |
| ISBN | 978-80-7488-613-3 80-7208-438-0 80-7208-476-3 80-7208-528-X 80-7208-558-1 80-7208-571-9 80-7208-572-7 978-80-7208-608-5 978-80-7208-625-2 978-80-7208-658-0 978-80-7208-750-1 978-80-7208-794-5 978-80-7208-830-0 978-80-7208-900-0 978-80-7208-968-0 |
| Physical Description | ^^^sv. ; 24 cm |
Cover
| LEADER | 00000cai a22000007a 4500 | ||
|---|---|---|---|
| 001 | 67080 | ||
| 003 | CZ-ZlUTB | ||
| 005 | 20250123103247.0 | ||
| 007 | ta | ||
| 008 | 041006c19939999xr x fl 0 b2cze | ||
| 952 | |0 0 |1 0 |4 0 |6 3406SOCIÁLNÍ |7 0 |8 BOOK |9 121458 |a UTBZL |b UTBZL |c 010 |d 2006-07-29 |h k 12.6.2000 |i 72362 |l 0 |m 5 |o 34(06)/SOCIÁLNÍ |p 420010072362 |q 2028-12-31 |r 2019-08-26 00:00:00 |v 96.00 |w 2019-08-26 |x přeznačit signaturu | 20100430 |y 08 | ||
| 952 | |0 0 |1 0 |4 0 |6 36SOCIÁLNÍ |7 0 |8 BOOK |9 121459 |a UTBZL |b UTBZL |c 010 |d 2006-07-29 |h k 10.8.2004 |l 0 |m 5 |o 36/SOCIÁLNÍ |p 420010085359 |q 2028-12-31 |r 2019-08-26 00:00:00 |v 132.00 |w 2019-08-26 |x N:nákup | 20100430 |y 08 | ||
| 952 | |0 0 |1 0 |4 0 |6 364SOCIÁLNÍ |7 0 |8 BOOK |9 121460 |a UTBZL |b UTBZL |c 010 |d 2006-11-28 |h k 4.8.2006 |l 1 |m 6 |o 364/SOCIÁLNÍ |p 420010103898 |q 2028-12-31 |r 2019-08-26 00:00:00 |v 149.00 |w 2019-08-26 |x N:nákup | 20100430 |y 08 | ||
| 952 | |0 0 |1 0 |4 0 |6 364SOCIÁLNÍ |7 0 |8 BOOK |9 121461 |a UTBZL |b UTBZL |c 010 |d 2006-11-27 |h k 1.7.2006 |l 1 |m 6 |o 364/SOCiÁLNÍ |p 420010103916 |q 2028-12-31 |r 2019-08-26 00:00:00 |v 76.00 |w 2019-08-26 |x N:nákup | 20100430 |y 08 | ||
| 952 | |0 0 |1 0 |4 0 |6 364ČESKO |7 0 |8 BOOK |9 121462 |a UTBZL |b UTBZL |c 010 |d 2013-03-25 |h k 4.2.2013 |l 1 |m 6 |o 364/ČESKO |p 420010148398 |q 2028-12-31 |r 2019-08-26 00:00:00 |v 111.00 |w 2019-08-26 |x N:nákup; |y 08 | ||
| 952 | |0 0 |1 0 |4 0 |6 364SOCIÁLNÍ |7 0 |8 BOOK |9 121463 |a UTBZL |b UTBZL |c 019 |d 2009-01-07 |h k 14.1.2008 |l 1 |m 6 |o 364/SOCIÁLNÍ |p 420010121737 |q 2028-12-31 |r 2019-08-26 00:00:00 |v 93.00 |w 2019-08-26 |x N:nákup |y 08 | ||
| 952 | |0 1 |1 0 |4 0 |6 364SOCIÁLNÍ |7 0 |8 BOOK |9 121465 |a UTBZL |b UTBZL |c 030 |d 2008-08-05 |h k 14.1.2008 |l 7 |m 1 |o 364/SOCIÁLNÍ |p 420010115329 |r 2020-01-06 00:00:00 |s 2019-10-31 |v 93.00 |w 2019-08-26 |x zastaralé |y 05 | ||
| 952 | |0 0 |1 0 |4 0 |6 364SOCIÁLNÍ |7 0 |8 BOOK |9 178924 |a UTBZL |b UTBZL |c 005 |d 2024-03-06 |h redakční uzávěrka 22.1.2024 |l 0 |o 364/SOCIÁLNÍ |p 420010195646 |r 2024-03-06 00:00:00 |v 187.00 |w 2024-03-06 |x N:nákup; |y 01 | ||
| 999 | |c 67080 |d 67080 | ||
| 015 | |a cnb001446298 | ||
| 035 | |a (OCoLC)85150218 | ||
| 040 | |a ABA001 |b cze |d OLA001 |d ZLD002 | ||
| 043 | |a e-xr--- | ||
| 072 | 7 | |a 364 |x Sociální problémy vyžadující podporu a pomoc. Sociální zabezpečení |2 Konspekt |9 18 | |
| 080 | |a 364 |2 MRF | ||
| 080 | |a 351.83 |2 MRF | ||
| 080 | |a (437.3) |2 MRF | ||
| 080 | |a (094.5) |2 MRF | ||
| 110 | 1 | |a Česko |7 ge128065 | |
| 240 | 1 | 0 | |a Zákony o sociálním zabezpečení |
| 245 | 1 | 0 | |a Sociální zabezpečení ... : |b státní sociální podpora, sociální péče, sociální služby, pomoc v hmotné nouzi, životní a existenční minimum, působnost jednotlivých orgánů : podle stavu k ... |
| 246 | 3 | |a Sociální zabezpečení a pojištění ... |f 4.8.2006 | |
| 260 | |a Ostrava : |b Sagit, |c [1993?]- | ||
| 300 | |a ^^^sv. ; |c 24 cm | ||
| 310 | |a Vychází nepravidelně | ||
| 490 | 1 | |a ÚZ : úplné znění | |
| 500 | |a Součástí názvu je označení běžného roku, součástí podnázvu je datum právního stavu | ||
| 500 | |a Podnázvy se nepatrně mění | ||
| 500 | |a Jednotlivé sv. mají ISBN | ||
| 500 | |a Popsáno podle: stavu k 10.8.2004 včetně: redakční uzávěrka 22.1.2024 | ||
| 650 | 0 | 7 | |a sociální zabezpečení |7 ph116215 |z Česko |2 czenas |
| 650 | 0 | 9 | |a social security |z Czechia |2 eczenas |
| 655 | 7 | |a zákony |7 fd133886 |2 czenas | |
| 655 | 7 | |a právní předpisy |7 fd133151 |2 czenas | |
| 655 | 9 | |a laws |2 eczenas | |
| 655 | 9 | |a legal regulations |2 eczenas | |
| 830 | 0 | |a ÚZ | |
| 901 | |f [1. vyd.] |h 14.11.2005 |i 80-7208-528-X |o 20060112 | ||
| 901 | |f [1. vyd.] |h 27.3.2006 |i 80-7208-558-1 |o 20060517 | ||
| 901 | |f [1. vyd.] |h 1.7.2006 |i 80-7208-571-9 |o 20061013 | ||
| 901 | |f [1. vyd.] |h 1..2006 |i 80-7208-570-0 |o 20061013 | ||
| 901 | |f [1. vyd.] |h 4.8.2006 |i 80-7208-572-7 |o 20061018 | ||
| 901 | |f [1. vyd.] |h 22.1.2007 |i 978-80-7208-608-5 |o 20070419 | ||
| 901 | |f [1. vyd.] |h 12.3.2007 |i 978-80-7208-625-2 |o 20070613 | ||
| 901 | |f [1. vyd.] |h 14.1.2008 |i 978-80-7208-658-0 |o 20080417 | ||
| 901 | |f [1. vyd.] |h 25.1.2010 |i 978-80-7208-794-5 |o 20100217 | ||
| 901 | |f [1. vyd.] |h 1.1.2011 |i 978-80-7208-830-0 |o 20110310 | ||
| 901 | |f [1. vyd.] |h 23.1.2012 |i 978-80-7208-900-0 |o 20120209 | ||
| 901 | |f [1. vyd.] |h 4.2.2013 |i 978-80-7208-968-0 |o 20130228 | ||
| 902 | |a 978-80-7488-613-3 |q (22.1.2024 : |q brožováno) | ||
| 902 | |a 80-7208-438-0 |q (10.8.2004 : |q brož.) | ||
| 902 | |a 80-7208-476-3 |q (21.2.2005 : |q brož.) | ||
| 902 | |a 80-7208-528-X |q (14.11.2005 : |q brož.) | ||
| 902 | |a 80-7208-558-1 |q (27.3.2006 : |q brož.) | ||
| 902 | |a 80-7208-571-9 |q (1.7.2006 : |q brož.) | ||
| 902 | |a 80-7208-572-7 |q (4.8.2006 : |q brož.) | ||
| 902 | |a 978-80-7208-608-5 |q (22.1.2007 : |q brož.) | ||
| 902 | |a 978-80-7208-625-2 |q (12.3.2007 : |q brož.) | ||
| 902 | |a 978-80-7208-658-0 |q (14.1.2008 : |q brož.) | ||
| 902 | |a 978-80-7208-750-1 |q (3.8.2009 : |q brož.) | ||
| 902 | |a 978-80-7208-794-5 |q (25.1.2010 : |q brož.) | ||
| 902 | |a 978-80-7208-830-0 |q (1.1.2011 : |q brož) | ||
| 902 | |a 978-80-7208-900-0 |q (23.1.2012 : |q brož.) | ||
| 902 | |a 978-80-7208-968-0 |q (4.2.2013 : |q brož.) | ||
| 910 | |a ZLD002 |s k 10.8.2004, k 1.7.2006, k 4.8.2006, k 14.1.2008, k 4.2.2013, red. uz. 22.1.2024 | ||
| 942 | |2 udc | ||
| 992 | |a SE |c IZ | ||